Memoria /

Salvato in:
Dettagli Bibliografici
Enti autori: PRIDENA, Programa Interdisciplinario de Estudios y Acción Social sobre los Derechos de la Niñez y la Adolescencia
Natura: testo
Pubblicazione: San José: PRIDENA
Tags: Aggiungi Tag
Nessun Tag, puoi essere il primo ad aggiungerne!!

MARC

LEADER 00000 a a2200000 04500
001 29890
003
040
090 |a 194107  |b RECURSO ELECTRONICO  
110 |a PRIDENA  
245 |a Memoria /  |c PRIDENA  
260 |a San José:   |b PRIDENA  
300 |b gráficas  
710 |a Programa Interdisciplinario de Estudios y Acción Social sobre los Derechos de la Niñez y la Adolescencia  
999 |c 3116  |d 3116